Harry Schumann (1894-1942) und sein Carl Reissner Verlag
| Titel: | Harry Schumann (1894-1942) und sein Carl Reissner Verlag : Aufstieg und Fall / Andreas Pehnke |
|---|---|
| Verfasser: | |
| In: |
Archiv für Geschichte des Buchwesens, Band 75 (2020), Seite 99-130 alle Artikel anzeigen |
| Veröffentlicht: | 2020 |
| Format: | Aufsatz |
| Sprache: | Deutsch |
X
alg: 47284625 001A $04504:23-11-20 001B $03025:16-03-26 $t14:01:13.000 001D $04504:23-11-20 001U $0utf8 001X $00 002@ $0Aou 002C $aText $btxt $2rdacontent 002D $aohne Hilfsmittel zu benutzen $bn $2rdamedia 002E $aBand $bnc $2rdacarrier 003@ $0472846256 007A $0472846256 $aHEB 010@ $ager 010E $erda 011@ $a2020 021A $aHarry Schumann (1894-1942) und sein Carl Reissner Verlag $dAufstieg und Fall $hAndreas Pehnke 028A $BVerfasser $#Pehnke, Andreas Eckhard $4aut $7120063247 $8Pehnke, Andreas$Z1957- [Tp3] $9151731454 031A $d75 $h99-130 $j2020 039B $aEnthalten in $8--Abvc--. Archiv für Geschichte des Buchwesens. - Berlin ; Boston : de Gruyter, 1958-. - ISSN 0066-6327 $x202000000750000901 $9047449179 044K $ROswald Arnold Verlag $#Carl Reißner Verlag $#Reißner Verlag $#Carl Reißner, Verlagsbuchhandlung $#Reissner Offizin Dresden $#Carl Reißner Firma $738134-2 $8Verlag Carl Reißner [Tb1] $9040378667 044K $7117294608 $8Schumann, Harry$Z1894-1942 [Tp1] $9151105561 045F $a002.0943070904 $eDDC23BSB 045F/01 $a002.09 045F/03 $f0904 045F/03 $g4307 045F/03 $g43832 045R $aGeschichte 1923-1940 045T $a24,1 045T $aBBI $qDE-23 $2FID 045V $803.16.07$jBuchhandel. Verlage [Tkx] $911884427X lok: 47284625 62 exp: 47284625 62 1 #EPN 201B/01 $023-11-20 $t22:08:55.000 201C/01 $023-11-20 203@/01 $01131097319 208@/01 $a23-11-20 $be 209A/01 $a/ $f000 $x00 209B/01 $a2020 $x05 247C/01 $8Frankfurt, Bibliographie der Deutschen Sprach- und Literaturwissenschaft $9113214561 201U/01 $0utf8 lok: 47284625 78 exp: 47284625 78 1 #EPN 201B/01 $016-03-26 $t13:58:13.000 201C/01 $016-03-26 201U/01 $0utf8 203@/01 $01337581585 208@/01 $a16-03-26 $be 209A/01 $a/ $f000 $x00 209A/01 $ab*p $x01 220C/01 $apgar 244Z/01 $#Generalgouvernement Polen $#Polska $#Rzeczpospolita Polska $#Polska Rzeczpospolita Ludowa $#Poland $#Pologne $#République Polonaise $#Generalne Gubernatorstwo w Polsce $#Polish People's Republic $#Polska Rzeczpospolita Polen $#PRL $#RP $#Polen Generalgouvernement $#Polska Generalgouvernement $#Besetzte Polnische Gebiete $#Besetztes Gebiet in Polen $#Okupowane Polskie Obszary $#Obszary Okupowane w Polsce $#Volksrepublik Polen $#Polska Rosyjska $#Republic Polen $#Respublika Pol'ša $#Pol'skaja Narodnaja Respublika $#République de Pologne $#Polen Links der Weichsel $#Polska po Lewej Stronie Wisły $#Lenkija $#Polija $#Gubernija Carstva Pol'skago $#Republik Polen $74046496-9 $8--Tg1--Polen $x01 $9085129801 244Z/01 $#Preußen $#Preußen $#Brandenburg-Preußen $#Königreich Preußen $#Preußische Staaten $#Preußischer Staat $#Der @Preußische Staat $#Königlich Preußische Staaten $#Prusy Królewskie $#Königlich Preußen $#Prussia $74047194-9 $8--Tg1--Preußen $x06 $9085131652 247C/01 $82080>Marburg/Lahn, Herder-Institut, Forschungsbibliothek, Bibliographieportal $9336309341
| LEADER | 00000caa a2200000 c 4500 | ||
|---|---|---|---|
| 001 | 472846256 | ||
| 003 | DE-603 | ||
| 005 | 20260316140113.0 | ||
| 007 | tu | ||
| 008 | 201123s2020 xx |||| | u00||u|ger c | ||
| 035 | |a (DE-599)HEB472846256 | ||
| 040 | |a DE-603 |b ger |c DE-603 |d DE-603 |e rda | ||
| 041 | |a ger | ||
| 082 | 0 | 4 | |8 1\u |a 002.0943070904 |q DE-101 |2 23/BSB |
| 084 | |a 24,1 |2 ssgn | ||
| 084 | |a BBI |q DE-23 |2 fid | ||
| 085 | |8 1\u |b 002.09 | ||
| 085 | |8 1\u |z 1 |s 0904 | ||
| 085 | |8 1\u |z 2 |s 4307 | ||
| 085 | |8 1\u |z 2 |s 43832 | ||
| 100 | 1 | |a Pehnke, Andreas |d 1957- |e Verfasser |4 aut |0 (DE-603)151731454 |0 (DE-588)120063247 |2 gnd | |
| 245 | 0 | 0 | |a Harry Schumann (1894-1942) und sein Carl Reissner Verlag |b Aufstieg und Fall |c Andreas Pehnke |
| 264 | 0 | |c 2020 | |
| 336 | |a Text |b txt |2 rdacontent | ||
| 337 | |a ohne Hilfsmittel zu benutzen |b n |2 rdamedia | ||
| 338 | |a Band |b nc |2 rdacarrier | ||
| 600 | 1 | 7 | |a Schumann, Harry |d 1894-1942 |0 (DE-588)117294608 |0 (DE-603)151105561 |2 gnd |
| 610 | 1 | 7 | |a Verlag Carl Reißner |2 gnd |0 (DE-588)38134-2 |0 (DE-603)040378667 |
| 648 | 7 | |a Geschichte 1923-1940 |2 gnd | |
| 773 | 0 | 8 | |i Enthalten in |t Archiv für Geschichte des Buchwesens |d Berlin ; Boston : de Gruyter, 1958- |h 28 cm |x 0066-6327 |g Band 75 (2020), Seite 99-130 |w (DE-603)047449179 |w (DE-600)280214-4 |
| 924 | 0 | |9 603 |a (DE-603)1131097319 |b DE-603 |c HES |d d | |
| 924 | 0 | |9 2080 |a (DE-603)1337581585 |b DE-2080 |c HES |d d |g / | |


